|
|
|
|
| LEADER |
00000nam a2200000 a 4500 |
| 001 |
UCP5753 |
| 003 |
CL-VaPUC |
| 008 |
990927e19960000SP |||||||||||||||||spa|d |
| 082 |
0 |
4 |
|a 796.01
|b GAR
|2 21
|
| 100 |
|
|
|a García Manso, Juan Manuel
|e author
|9 460244
|
| 700 |
0 |
|
|a Navarro Valdivielso, Manuel
|e author
|9 434331
|
| 700 |
0 |
|
|a Ruiz Caballero, José Antonio
|e author
|9 434332
|
| 245 |
1 |
0 |
|a Pruebas para la valorización de la capacidad motriz en el deporte: evaluación de la condición física
|
| 300 |
|
|
|a 272 p
|
| 942 |
|
|
|c BK
|
| 945 |
|
|
|d 19990927 00:00:00
|a cmena
|
| 260 |
|
|
|a Madrid
|b Gymnos
|c 1996
|
| 650 |
|
0 |
|a Deportes
|9 224367
|
| 650 |
|
0 |
|a Educación física
|9 240893
|
| 650 |
|
7 |
|a MOTRICIDAD
|2 CL-VaPUC
|9 307419
|
| 650 |
|
7 |
|a PSICOMOTRICIDAD
|2 CL-VaPUC
|9 241072
|
| 583 |
|
|
|a last modification
|c 19990927 00:00:00
|k Rodrigo Vera
|
| 999 |
|
|
|c 283421
|d 283419
|
| 952 |
|
|
|0 0
|1 0
|4 0
|6 796_010000000000000_GAR_1996
|7 0
|8 A
|9 326585
|a BIBEDU
|b BIBEDU
|d 2019-11-20
|i 3561550
|o 796.01 GAR 1996
|p 3561550
|r 2019-11-20
|w 2019-11-20
|y BK
|k EFI
|